| 000 | 01205nam a2200373 c 4500 | ||
|---|---|---|---|
| 001 | |||
| 003 | DO-SdBNP | ||
| 005 | 20231211121912.0 | ||
| 008 | 170403s20uu sp a| 000 1 spa | ||
| 020 | _a | ||
| 040 |
_aBPMSU _bspa _cBPMSU _e |
||
| 080 | _a | ||
| 082 |
_a863.6 _bR934c _222 |
||
| 100 | 1 |
_a Ruiz, Celia _d _0 |
|
| 245 | 1 | 0 |
_aCuentos para niñas / _cadaptación Celia Ruiz ; ilustraciones Pilar Campos; |
| 246 | 1 | 4 | _aCuentos para niñas: cuentos de brujas, de hadas, de príncipes y princesas. El duende de los cuentos te hará soñar |
| 260 |
_aMadrid : _bSusaeta Ediciones, _c[200-?] |
||
| 300 |
_a357 p.: _bil. ; _c21 cm |
||
| 336 |
_aTexto (visual) _2isbdcontent |
||
| 337 |
_asin mediación _2isbdmedia |
||
| 490 | 0 | _a El duende de los cuentos | |
| 590 |
_aInventariado, 2023/VM _6 |
||
| 648 | _a | ||
| 650 | 4 | _aCuentos infantiles españoles | |
| 650 | 4 | _aliteratura infantil española | |
| 655 | 7 |
_aLibros infantiles _2tgfbne |
|
| 655 | 4 |
_aLibros ilustrados _2 |
|
| 655 | 4 | _2 | |
| 700 | 1 |
_eDirección editorial _aDoblado, Ana |
|
| 700 | 1 |
_aCampos, Pilar _eilustraciones _d |
|
| 910 | _aVMateo V.Control de calidad. BPMSU | ||
| 942 |
_2ddc _cBK |
||
| 956 | _a | ||
| 999 |
_c14509 _d14509 |
||